000
00295nam a22001217a 4500
008
170621b xxu||||| |||| 00| 0 eng d
041
_a
eng
080
_a
94(7/8)
100
_a
18
101
_a
SHH
245
_a
AN AMERICAN ORDEAL THE ANTI WAR MOVENMENT
_c
DEBENEDENTI.CH
942
_2
udc
_c
BK
999
_c
18567
_d
18567